Porty morskie w Polsce - Statystyki

Ogólne statystyki
  • Ten quiz został rozwiązany 457 razy
  • Średni wynik to 13 z 32
Statystyki odpowiedzi
Lp Województwo Nazwa portu/miejscowość % Poprawnych
26 pomorskie Gdańsk
98%
25 pomorskie Gdynia
96%
1 zachodniopomorskie Szczecin
92%
32 warmińsko-mazurskie Nowa Pasłęka
88%
9 zachodniopomorskie Świnoujście
83%
16 zachodniopomorskie Kołobrzeg
81%
22 pomorskie Hel
76%
21 pomorskie Władysławowo
67%
18 pomorskie Ustka
65%
29 warmińsko-mazurskie Elbląg
64%
20 pomorskie Łeba
63%
23 pomorskie Jastarnia
53%
17 zachodniopomorskie Darłowo
47%
27 pomorskie Krynica Morska
45%
24 pomorskie Puck
43%
2 zachodniopomorskie Police
33%
13 zachodniopomorskie Dziwnów
32%
10 zachodniopomorskie Wolin
27%
31 warmińsko-mazurskie Frombork
25%
19 pomorskie Rowy
19%
12 zachodniopomorskie Kamień Pomorski
18%
14 zachodniopomorskie Mrzeżyno
16%
15 zachodniopomorskie Dźwirzyno
15%
3 zachodniopomorskie Stepnica
13%
30 warmińsko-mazurskie Tolkmicko
13%
28 pomorskie Kąty Rybackie
10%
5 zachodniopomorskie Nowe Warpno
10%
4 zachodniopomorskie Trzebież
9%
6 zachodniopomorskie Lubin
6%
7 zachodniopomorskie Wapnica
5%
8 zachodniopomorskie Przytór
3%
11 zachodniopomorskie Sierosław
2%
Nie znaleziono quizów pasujących do podanych kryteriów
Rozkład punktacji
Procent ludzi z każdym wynikiem
Percentyl według liczby udzielonych odpowiedzi
Twoja historia wyników
Nie rozwiązałeś tego quizu